[Event "Mistrzostwa Polski Mlodzikow do lat 10 - Chlopcy"]
[Site "Karpacz"]
[Date "1899-12-30"]
[Round "2.18"]
[White "Zieba, Hubert"]
[Black "Paszkowski, Krystian"]
[Result "0-1"]
[WhiteTitle "II"]
[BlackTitle "II"]
[WhiteElo "1171"]
[BlackElo "1365"]

1. c4 e5 2. Nc3 Nf6 3. g3 Nc6 4. Bg2 g6 5. e3 Bg7 6. Nge2 O-O 7. O-O d6 8. h3 Be6
9. b3 Qd7 10. Kh2 d5 11. cxd5 Nxd5 12. Bb2 f5 13. Nxd5 Bxd5 14. Bxd5+ Qxd5 15.
Qc2 Rac8 16. a3 Rfd8 17. Rad1 Na5 18. b4 Nc4 19. Bc1 Qd3 20. Qxd3 Rxd3 21. a4
Rcd8 22. b5 Nxd2 23. Bxd2 Rxd2 24. Rxd2 Rxd2 25. Nc3 e4 26. Rc1 Rxf2+ 27. Kg1
Rd2 28. Nb1 Rd7 29. Kf2 Kf7 30. Ke2 Ke6 31. Nd2 Bh6 32. Nb3 Bxe3 33. Kxe3 Rd3+
34. Kf2 Rxb3 35. Rxc7 Rb4 36. Rxb7 Rxa4 37. Rxh7 Ra5 38. Rg7 Kf6 39. Rc7 Rxb5
40. Rxa7 Kg5 41. Rg7 Rb3 42. h4+ Kh5 43. Rh7+ Kg4 44. Rh6 Rb2+ 45. Kf1 Kxg3 46.
Rxg6+ Kxh4 47. Ke1 Rb3 48. Kf2 Rf3+ 49. Ke2 Rg3 50. Rf6 Kg4 51. Kf2 Rf3+ 52. Ke2
Kf4 53. Rf8 Rh3 54. Rg8 Rh2+ 55. Ke1 Kf3 56. Ra8 e3 57. Kd1 Rh1+ 58. Kc2 e2 59.
Ra3+ Kf2 60. Ra4 0-1

[Event "Mistrzostwa Polski Mlodzikow do lat 10 - Chlopcy"]
[Site "Karpacz"]
[Date "1899-12-30"]
[Round "2.19"]
[White "Musial, Igor"]
[Black "Rog, Bartlomiej"]
[Result "1/2-1/2"]
[WhiteTitle "II"]
[BlackTitle "III"]
[WhiteElo "1258"]
[BlackElo "1167"]

1. e4 c5 2. Nf3 Nc6 3. d4 cxd4 4. Nxd4 Nf6 5. Nc3 d6 6. Be2 e5 7. Nb3 a6 8. Be3
Be6 9. f3 Be7 10. O-O O-O 11. Kh1 Kh8 12. Qd2 Nd7 13. f4 f5 14. exf5 Bxf5 15.
Bd3 Bxd3 16. Qxd3 exf4 17. Bxf4 Nde5 18. Bxe5 Nxe5 19. Qe4 Qd7 20. Nd5 Rxf1+ 21.
Rxf1 Rf8 22. Rxf8+ Bxf8 23. h3 Qf7 24. Kh2 g6 25. Qf4 Qxf4+ 26. Nxf4 Bh6 27. Nd3
Bg7 28. Na5 b6 29. Nb3 Nxd3 30. cxd3 Bxb2 31. Kg3 a5 32. Kf4 a4 33. Nd2 Bc1 34.
Ke3 Bxd2+ 35. Kxd2 Kg7 36. Kc3 Kf6 37. Kb4 Ke5 38. Kxa4 Kd4 39. Kb5 Kxd3 40. Kxb6
Kc4 41. a4 d5 42. a5 d4 43. a6 d3 44. a7 d2 45. a8=Q d1=Q 46. Qa2+ Qb3+ 47. Qxb3+
Kxb3 48. Kc5 Kc3 49. Kd5 Kd3 50. Ke5 Ke3 51. Kf6 Kf2 52. Kg7 Kxg2 53. Kxh7 g5
54. Kg6 Kxh3 55. Kxg5 1/2-1/2

[Event "Mistrzostwa Polski Mlodzikow do lat 10 - Chlopcy"]
[Site "Karpacz"]
[Date "1899-12-30"]
[Round "2.20"]
[White "Wielgus, Wojciech"]
[Black "Jaworski, Tymon"]
[Result "0-1"]
[WhiteTitle "II"]
[BlackTitle "II"]
[WhiteElo "1440"]
[BlackElo "1166"]

1. e4 e5 2. Nf3 Nc6 3. Nc3 Nf6 4. Bb5 Bb4 5. O-O O-O 6. d3 Bxc3 7. bxc3 d6 8. h3
Qe7 9. Ba3 Nd8 10. Re1 c6 11. Ba4 b5 12. Bb3 a5 13. Qb1 a4 14. Bxf7+ Nxf7 15.
Qb4 Qb7 16. d4 Re8 17. Nd2 Rb8 18. Kh1 Qc7 19. Kg1 Qb6 20. Rad1 Nd7 21. Qb2 c5
22. dxc5 dxc5 23. Qb1 Bb7 24. Bc1 Nf6 25. a3 Rbd8 26. Qa2 c4 27. Qb1 Rd7 28. Nxc4
Qc6 29. Nd2 Red8 30. f3 Ba6 31. Kh1 Qxc3 32. Bb2 Qa5 33. Nf1 b4 34. Rxd7 Rxd7
35. Rd1 Qc5 36. Rxd7 Nxd7 37. Ng3 bxa3 38. Ba1 Qb6 39. Qxb6 Nxb6 40. Nf5 a2 41.
Kg1 Nc4 42. Kf2 Na3 43. Ne3 Kf8 44. Ke1 Ke7 45. Kd1 Nb5 46. Kc1 Bc8 47. Nd5+ Kd6
48. Nb6 Be6 49. Nxa4 Nd8 50. Nb2 Nc6 51. Nd3 Ncd4 52. Kd1 Na3 53. Ne1 Bc4 54.
h4 Bf1 55. g3 Be2+ 56. Kc1 Nc4 57. f4 Ne6 58. fxe5+ Nxe5 59. Kd2 Bf1 60. h5 h6
61. Kc3 Nc5 62. Kb2 Bc4 63. Kc3 Nxe4+ 64. Kb4 Bf7 65. g4 Be6 66. Ka3 Nf2 67. Kb4
Nfxg4 68. Kc3 Nf6 69. Kd4 Nc6+ 70. Kd3 Nxh5 71. Kc3 g5 72. Kd3 g4 73. Ke3 g3 74.
Kf3 Bd5+ 75. Kg4 g2 76. Nxg2 Bxg2 77. Kxh5 Nb4 78. Kxh6 Nxc2 79. Bb2 Kc5 80. Kg5
Kc4 81. Kf4 Kb3 82. Bh8 Kc4 83. Bb2 Nb4 84. Kg3 Kb3 85. Ba1 Kc2 86. Kf2 Kb1 87.
Bc3 Nd3+ 88. Kxg2 Nb2 89. Kf3 a1=Q 90. Bxb2 Qxb2 91. Ke4 Qd2 92. Ke5 Qd3 93. Kf4
Qe2 94. Kf5 Qe3 95. Kf6 Qe4 96. Kg5 Qf3 97. Kg6 Qf4 98. Kg7 Qf5 99. Kh6 Qg4 100.
Kh7 Kc2 101. Kh8 Kd3 102. Kh7 Ke4 103. Kh6 Kf5 104. Kh7 Kf6 105. Kh8 Qg7# 0-1

[Event "Mistrzostwa Polski Mlodzikow do lat 10 - Chlopcy"]
[Site "Karpacz"]
[Date "1899-12-30"]
[Round "2.21"]
[White "Seemann, Jakub"]
[Black "Wolski, Michal"]
[Result "0-1"]
[WhiteTitle "II+"]
[BlackTitle "II"]
[WhiteElo "1395"]
[BlackElo "1165"]

1. e4 e5 2. Nf3 Nc6 3. d4 exd4 4. Bc4 Bc5 5. c3 dxc3 6. Bxf7+ Kxf7 7. Qd5+ Ke8
8. Qxc5 d6 9. Qxc3 Qf6 10. O-O Qxc3 11. Nxc3 Nf6 12. e5 dxe5 13. Nxe5 Nxe5 14.
Re1 Bd7 15. Nd5 Nxd5 16. Rxe5+ Kf7 17. Rxd5 Be6 18. Rc5 c6 19. Bf4 Rad8 20. Re1
Rhe8 21. h3 Bxa2 22. Ra1 Be6 23. Rxa7 Rd7 24. g4 Kg8 25. Rca5 Rf8 26. Ra8 Rxa8
27. Rxa8+ Kf7 28. Kg2 Rd3 29. Ra3 Rxa3 30. bxa3 c5 31. Kf3 Bb3 32. Ke4 Ke6 33.
Bg3 b5 34. g5 g6 35. Bc7 Bc2+ 36. Ke3 b4 37. axb4 cxb4 38. Ba5 b3 39. Bc3 Kd5
40. Kf4 Bf5 41. h4 Kc4 42. Ba1 Kd3 43. Ke5 Ke2 44. Bd4 Kf3 45. Ba1 Kg4 46. f4
Kxh4 47. Kf6 Kg3 48. Ke5 Kf3 49. Bb2 Ke3 50. Ba1 Kd3 51. Kf6 Kc2 52. Ke5 b2 53.
Bxb2 Kxb2 54. Kd4 Kc2 55. Ke3 Kd1 56. Kf2 Kd2 57. Kg3 Ke3 58. Kh4 Ke4 59. Kg3
Kd5 60. Kh4 Ke6 61. Kg3 Kf7 62. Kh4 Kg7 63. Kg3 h6 64. Kh4 hxg5+ 65. fxg5 Kf7
66. Kg3 Ke6 67. Kh4 Bc2 68. Kg4 Ke5 69. Kh4 Kf5 0-1

[Event "Mistrzostwa Polski Mlodzikow do lat 10 - Chlopcy"]
[Site "Karpacz"]
[Date "1899-12-30"]
[Round "2.22"]
[White "Iwaszkiewicz, Grzegorz"]
[Black "Filipiak, Adam"]
[Result "0-1"]
[WhiteTitle "II"]
[BlackTitle "III"]
[WhiteElo "1330"]
[BlackElo "1160"]

1. d4 d5 2. c4 c6 3. Nc3 e6 4. Nf3 Nf6 5. Bg5 Bd6 6. e3 O-O 7. a3 Nbd7 8. Bd3 e5
9. cxd5 exd4 10. Nxd4 cxd5 11. Nxd5 Qa5+ 12. b4 Qxd5 13. Bxf6 Nxf6 14. Nf3 Qc6
15. Ra2 Be6 16. Rd2 Rfd8 17. O-O Be7 18. Qe2 Ne4 19. Rc2 Qd5 20. Nd4 Nf6 21. Bc4
Qd6 22. Nb5 Qb6 23. Bd3 Rac8 24. Rd2 a6 25. Nd4 g6 26. h3 Nd5 27. Qf3 Bf6 28.
Nxe6 Qxe6 29. e4 Nb6 30. e5 Qxe5 31. Qxb7 Qc3 32. Rfd1 Bg5 33. f4 Bxf4 34. Bxg6
hxg6 35. Rxd8+ Rxd8 36. Rxd8+ Kg7 37. Qf3 Qe1+ 0-1

[Event "Mistrzostwa Polski Mlodzikow do lat 10 - Chlopcy"]
[Site "Karpacz"]
[Date "1899-12-30"]
[Round "2.23"]
[White "Jendrowiak, Maciej"]
[Black "Turowski, Maciej"]
[Result "1-0"]
[WhiteTitle "III"]
[BlackTitle "III"]
[WhiteElo "1143"]
[BlackElo "1259"]

1. d4 d5 2. c4 e6 3. Nc3 Nf6 4. Bg5 Nbd7 5. e3 c6 6. cxd5 exd5 7. a3 h6 8. Bh4
Qa5 9. Bd3 Be7 10. Nge2 O-O 11. f3 a6 12. O-O c5 13. Qc1 Re8 14. Bg3 b5 15. Bf2
Qb6 16. a4 c4 17. a5 Qd8 18. Bb1 Bb4 19. Nf4 Bb7 20. Be1 Bd6 21. Nce2 Bc7 22.
Kh1 Qe7 23. Bd2 Qd6 24. Qe1 Rac8 25. Bb4 Qc6 26. Qf2 Bb8 27. Ba2 Qc7 28. Rac1
Re6 29. Ng3 Rc6 30. Nge2 Re8 31. g3 Ba7 32. Nc3 Qd8 33. Rfe1 Rc8 34. Bb1 Nb8 35.
Rc2 Nc6 36. Na2 Nxb4 37. Nxb4 Qxa5 38. Qd2 Bb8 39. Nbxd5 Qxd2 40. Nxf6+ gxf6 41.
Rxd2 Bxf3+ 42. Kg1 Bxf4 43. gxf4 b4 44. Rc1 Bg4 45. Rg2 h5 46. h3 Rxe3 47. hxg4
h4 48. g5 fxg5 49. Rxg5+ Kf8 50. Rh5 Rg3+ 51. Kf2 Rg7 1-0

[Event "Mistrzostwa Polski Mlodzikow do lat 10 - Chlopcy"]
[Site "Karpacz"]
[Date "1899-12-30"]
[Round "2.24"]
[White "Labedzki, Kamil"]
[Black "Podlewski, Szymon"]
[Result "0-1"]
[WhiteTitle "II"]
[BlackTitle "II"]
[WhiteElo "1131"]
[BlackElo "1243"]

1. e4 c6 2. d4 d5 3. exd5 cxd5 4. Nc3 Bf5 5. Nf3 Nc6 6. Bf4 a6 7. a3 Nf6 8. Bd3
Bg4 9. h3 Bxf3 10. Qxf3 Nxd4 11. Qg3 e6 12. O-O-O Nh5 13. Qh2 Be7 14. Bxh7 Nxf4
15. Rxd4 Rxh7 16. Kb1 Ng6 17. f3 Bf6 18. Rd3 Bxc3 19. Rxc3 Rc8 20. Rb3 b5 21.
g3 Ne5 22. h4 Nc6 23. Qd2 Qb6 24. Qd3 Rh8 25. Rf1 Qd4 26. Qe2 Qe5 27. Qf2 Qd4
28. Qg2 Na5 29. Rd3 Qf6 30. b3 Qg6 31. Rg1 Nc6 32. Rh1 Qf6 33. Re1 Nd4 34. c3
Nxb3 35. Qb2 Qg6 36. Qc2 Nc5 37. Rxd5 Qxc2+ 38. Kxc2 Na4 39. Rd3 Ke7 40. f4 Rc5
41. Rf3 Rhc8 42. Ree3 a5 43. Kb3 Kf8 44. g4 Rc4 45. h5 Nc5+ 46. Kb2 b4 47. cxb4
axb4 48. axb4 Rxb4+ 49. Kc2 Rd4 50. Kc3 Rd7 51. f5 Nd3+ 52. Kd2 Ne5+ 53. Ke2 Rc2+
54. Ke1 Nxf3+ 55. Rxf3 Ra7 56. Kd1 Rg2 57. Rc3 Raa2 58. Rc8+ Ke7 59. Rc7+ Kd8
60. Rc2 Raxc2 61. fxe6 Ra2 62. e7+ Kxe7 63. Kc1 Ra1# 0-1

[Event "Mistrzostwa Polski Mlodzikow do lat 10 - Chlopcy"]
[Site "Karpacz"]
[Date "1899-12-30"]
[Round "2.25"]
[White "Raclawicki, Tymoteusz"]
[Black "Janeczko, Jakub"]
[Result "0-1"]
[WhiteTitle "III"]
[BlackTitle "II"]
[WhiteElo "1229"]
[BlackElo "1128"]

1. e4 e5 2. Nf3 Nc6 3. d4 exd4 4. Bc4 Nf6 5. Ng5 d5 6. exd5 Bb4+ 7. c3 dxc3 8.
O-O cxb2 9. Bxb2 Na5 10. Qa4+ Nd7 11. Qxb4 Nxc4 12. Qxc4 Qxg5 13. Re1+ Kd8 14.
Na3 Nb6 15. Qc5 Na4 16. Qb4 Nxb2 17. Qxb2 Bh3 18. f3 Bc8 19. Re5 Qf6 20. Rae1
Qb6+ 21. Qxb6 axb6 22. R1e3 Bd7 23. Kf2 Re8 24. Rxe8+ Bxe8 25. Rc3 Ra5 26. Rd3
b5 27. Rb3 b4 28. Nc4 Rxa2+ 29. Kg3 Rc2 30. Rxb4 c5 31. Ne3 Rxg2+ 32. Nxg2 cxb4
33. Ne1 b3 34. Nd3 f6 35. Kf4 Bg6 36. Nb2 Ke7 37. Ke3 Bf7 38. Kd4 g5 39. Nc4 b5
40. Na3 b2 41. Kc5 Bg6 42. Kxb5 b1=Q+ 43. Nxb1 Bxb1 44. Kc6 h5 45. Kc7 Bf5 46.
d6+ Ke8 47. Kc6 g4 48. fxg4 Bxg4 49. Kc7 h4 50. Kc6 h3 51. Kc7 Bd7 52. Kb8 f5
0-1

[Event "Mistrzostwa Polski Mlodzikow do lat 10 - Chlopcy"]
[Site "Karpacz"]
[Date "1899-12-30"]
[Round "2.26"]
[White "Ratajczak, Marcin"]
[Black "Kusiak, Mateusz"]
[Result "0-1"]
[WhiteTitle "III"]
[BlackTitle "II"]
[WhiteElo "1122"]
[BlackElo "1221"]

1. e4 e5 2. Nf3 Nc6 3. Bc4 Bc5 4. c3 Nf6 5. d4 exd4 6. cxd4 Bb4+ 7. Bd2 Nxe4 8.
Qe2 Qe7 9. Nc3 Nxc3 10. Qxe7+ Bxe7 11. bxc3 O-O 12. O-O b6 13. d5 Na5 14. Bb3
Nxb3 15. axb3 Bb7 16. c4 a5 17. Rfe1 Bf6 18. Rab1 a4 19. bxa4 Rxa4 20. Rb4 Rxb4
21. Bxb4 Ra8 22. Ba3 h6 23. Bb4 Ra4 24. Rb1 Ba6 25. d6 cxd6 26. Bxd6 Rxc4 27.
h3 Rc6 28. Be5 Bxe5 29. Nxe5 Rd6 30. Ra1 Bb7 31. Ra7 Bd5 32. Rxd7 Rxd7 33. Nxd7
b5 34. Ne5 f6 35. Ng6 Kf7 36. Nf4 Bc4 37. f3 g5 38. Nh5 b4 39. Ng3 Bd3 40. Kf2
b3 41. Ke3 Bg6 42. Ne4 Bxe4 43. fxe4 b2 44. g4 b1=Q 45. e5 fxe5 46. h4 gxh4 47.
g5 hxg5 48. Kf3 Qf5+ 49. Ke3 Ke6 50. Kd2 Qf3 51. Kc2 h3 52. Kc1 h2 53. Kd2 h1=R
54. Kc2 Rh2+ 55. Kc1 Qh1# 0-1

[Event "Mistrzostwa Polski Mlodzikow do lat 10 - Chlopcy"]
[Site "Karpacz"]
[Date "1899-12-30"]
[Round "2.27"]
[White "Zalega, Maciej"]
[Black "Maciejek, Marcel"]
[Result "1-0"]
[WhiteTitle "II"]
[BlackTitle "II"]
[WhiteElo "1215"]
[BlackElo "1104"]

1. d4 Nf6 2. Nf3 e6 3. g3 d5 4. Bg2 Be7 5. O-O O-O 6. c4 c6 7. Nc3 Nbd7 8. b3 b6
9. Re1 Bb7 10. Qc2 Re8 11. e4 Nxe4 12. Nxe4 dxe4 13. Qxe4 Nf6 14. Qe2 c5 15. Bb2
cxd4 16. Rad1 e5 17. Qxe5 Bb4 18. Qxd4 Bxe1 19. Nxe1 Qxd4 20. Bxd4 Bxg2 21. Kxg2
Rad8 22. Kf3 Re4 23. Nc2 Re6 24. Na3 a5 25. Nb5 g5 26. Rc1 g4+ 27. Kf4 Nd7 28.
Kxg4 Rg6+ 29. Kf3 Rg5 30. Rd1 Re8 31. Nc7 Re7 32. Nd5 Re6 33. h4 Rf5+ 34. Kg4
Rfe5 35. Bxe5 Rxe5 36. f4 f5+ 37. Kf3 Re8 38. Nc7 Re7 39. Rd6 Nc5 40. Nd5 Rg7
41. Rc6 Rf7 42. Rc8+ Kg7 43. Rc7 Nd7 44. Ke3 Kh6 45. Nxb6 Re7+ 46. Kd2 Re6 47.
Nxd7 Kh5 48. Ne5 Rd6+ 49. Ke3 h6 50. c5 Rd2 51. g4+ 1-0

[Event "Mistrzostwa Polski Mlodzikow do lat 10 - Chlopcy"]
[Site "Karpacz"]
[Date "1899-12-30"]
[Round "2.28"]
[White "Jurewicz, Igor"]
[Black "Jaskiewicz, Kacper"]
[Result "0-1"]
[WhiteTitle "III"]
[BlackTitle "II"]
[WhiteElo "1104"]
[BlackElo "1213"]

1. c4 b6 2. Nc3 e6 3. e4 Bb7 4. g3 Bb4 5. Nge2 Na6 6. Bg2 Nc5 7. d3 f5 8. O-O Nf6
9. Qc2 h6 10. a3 Bxc3 11. Nxc3 fxe4 12. dxe4 O-O 13. b4 Na6 14. f4 Qe7 15. Ne2
Qe8 16. Nd4 c5 17. b5 Nc7 18. Ne2 Rd8 19. Bb2 Ba8 20. Qc3 Qf7 21. Bf3 Nce8 22.
Qe3 Nd6 23. e5 Nxc4 24. Qc3 Nxb2 25. Qxb2 Bxf3 26. exf6 Bxe2 27. Qxe2 Qxf6 28.
Rad1 Rfe8 29. Qc2 Rf8 30. Qa4 d5 31. Qxa7 Rb8 32. Rfe1 Qf7 33. Qa4 Qd7 34. Rb1
Qd6 35. Qc2 Rf6 36. Rbd1 Ra8 37. a4 Kf7 38. Re3 Rf5 39. Rde1 Re8 40. Qe2 d4 41.
Re5 g6 42. Rxf5+ gxf5 43. Qh5+ Ke7 44. Qxf5 d3 45. Qe4 d2 46. Rd1 Rd8 47. Qh7+
Ke8 48. Qg8+ Kd7 49. Qh7+ Kc8 50. Qe4 Qd4+ 51. Qxd4 Rxd4 52. Kf2 c4 53. Ke3 c3
54. Kxd4 c2 55. Rxd2 c1=Q 56. Rd3 Qa1+ 57. Rc3+ Kd7 58. a5 Qxa5 59. Rb3 Kd6 60.
Kc4 Qa4+ 61. Kc3 Kc5 62. Kb2 Qd4+ 63. Kc2 Kc4 64. Ra3 Qf2+ 65. Kb1 Qxh2 66. g4
Qg1+ 67. Kb2 Qd4+ 68. Kc2 Kxb5 69. Rb3+ Kc4 70. Ra3 b5 71. g5 hxg5 72. fxg5 Qf2+
73. Kc1 Qg1+ 74. Kb2 Qxg5 75. Rc3+ Kd4 76. Ra3 Qd2+ 77. Kb3 b4 78. Ra4 Qc3+ 79.
Ka2 Qc2+ 80. Ka1 Qxa4+ 81. Kb2 b3 82. Kc1 Kd3 83. Kb1 Qa2+ 84. Kc1 Qc2# 0-1

[Event "Mistrzostwa Polski Mlodzikow do lat 10 - Chlopcy"]
[Site "Karpacz"]
[Date "1899-12-30"]
[Round "2.29"]
[White "Michno, Mateusz"]
[Black "Skrzypinski, Jan"]
[Result "0-1"]
[WhiteTitle "III"]
[BlackTitle "II"]
[WhiteElo "1213"]
[BlackElo "1088"]

1. e4 e5 2. Nf3 Nc6 3. Bb5 Nf6 4. Nc3 Bc5 5. d3 d6 6. h3 Bd7 7. O-O a6 8. Ba4 O-O
9. Bg5 b5 10. Bb3 Be6 11. Nd5 Bxd5 12. Bxd5 Qd7 13. Bxf6 gxf6 14. Nh4 Kh8 15.
Qf3 Kg7 16. Nf5+ Kh8 17. Nh4 Kg7 18. Qg3+ Kh8 19. Nf5 Rg8 20. Qh4 Rg6 21. Kh1
Re8 22. f4 Nd4 23. Nxd4 Bxd4 24. f5 Rg5 25. c3 Be3 26. Rf3 Bc5 27. Rg3 Bf2 28.
Qh6 Rxg3 29. Qxf6+ Kg8 30. Qh4 Rxg2 31. Qh5 Rg7 32. Qf3 Bc5 33. b4 Bb6 34. Rc1
Rd8 35. a3 c6 36. Bb3 d5 37. f6 Rg6 38. Rc2 dxe4 39. Qxe4 Qxd3 40. Qxe5 Qf1+ 41.
Kh2 Qg1# 0-1

[Event "Mistrzostwa Polski Mlodzikow do lat 10 - Chlopcy"]
[Site "Karpacz"]
[Date "1899-12-30"]
[Round "2.30"]
[White "Sokolowski, Hubert"]
[Black "Herwy, Jakub"]
[Result "0-1"]
[WhiteTitle "III"]
[BlackTitle "II"]
[WhiteElo "1057"]
[BlackElo "1207"]

1. e4 c5 2. Nc3 Nc6 3. f4 g6 4. Nf3 Bg7 5. Bc4 e6 6. d3 a6 7. a4 Nge7 8. O-O O-O
9. Qe1 b6 10. Be3 d5 11. exd5 exd5 12. Bb3 d4 13. Bxd4 Nxd4 14. Nxd4 Bxd4+ 15.
Kh1 Bb7 16. Ne2 Bxb2 17. Rb1 Bg7 18. Ng3 Qd6 19. Qe2 Rae8 20. Qd2 Kh8 21. c3 Rd8
22. Bc4 Nd5 23. Bxd5 Bxd5 24. Rbe1 Rfe8 25. Rb1 Bc4 26. Rb2 Qxd3 27. Qc1 Qxc3
28. Qxc3 Bxc3 29. Rg1 Bxb2 30. h3 Bd4 31. Rc1 b5 32. axb5 axb5 33. Kh2 f5 34.
Kh1 Be3 35. Rb1 Bxf4 36. Kh2 Rd3 37. Rf1 Bxg3+ 38. Kh1 Rde3 39. Rg1 Re1 40. h4
Rxg1+ 41. Kxg1 Re1# 0-1

[Event "Mistrzostwa Polski Mlodzikow do lat 10 - Chlopcy"]
[Site "Karpacz"]
[Date "1899-12-30"]
[Round "2.31"]
[White "Krol, Jan"]
[Black "Baszczynski, Gabriel"]
[Result "1-0"]
[WhiteTitle "II"]
[BlackTitle "III"]
[WhiteElo "1206"]
[BlackElo "1059"]

1. e4 e5 2. Nf3 Nc6 3. Bc4 Nf6 4. Ng5 d5 5. exd5 Na5 6. Bb5+ c6 7. dxc6 bxc6 8.
Be2 h6 9. Nf3 e4 10. Ne5 Bd6 11. d4 Bxe5 12. dxe5 Qxd1+ 13. Bxd1 Nd7 14. Nc3 O-O
15. e6 Nf6 16. exf7+ Kxf7 17. O-O Bb7 18. f3 exf3 19. Bxf3 Rab8 20. Bf4 Rbd8 21.
Rad1 Nc4 22. b3 Nb6 23. Ne4 Nxe4 24. Bxe4 Kg8 25. Rxd8 Rxd8 26. Bc7 Re8 27. Bg6
Rf8 28. Bh7+ Kxh7 29. Rxf8 Nd5 30. Be5 Kg6 31. Rg8 Nf6 32. Bxf6 Kxf6 33. Rb8 Ba6
34. c4 Ke5 35. Rd8 c5 36. Rd5+ Ke4 37. Rxc5 Kd4 38. Ra5 Bc8 39. Rxa7 g6 40. Rc7
Bf5 41. Rf7 Bb1 42. c5 Kxc5 43. b4+ Kb6 44. a4 Bd3 45. Rf6+ Kb7 46. a5 h5 47.
b5 Bxb5 48. Rb6+ Ka7 49. Rxb5 Ka6 50. Rg5 h4 51. h3 Ka7 52. Rxg6 Kb7 53. a6+ Ka7
54. Rh6 Kb8 55. Rh7 Ka8 56. Kf2 Kb8 57. Ke3 Ka8 58. Kd4 Kb8 59. Kc5 Ka8 60. Kb6
Kb8 61. Rh8# 1-0

[Event "Mistrzostwa Polski Mlodzikow do lat 10 - Chlopcy"]
[Site "Karpacz"]
[Date "1899-12-30"]
[Round "2.32"]
[White "Borowik, Karol"]
[Black "Sniadecki, Oskar"]
[Result "0-1"]
[WhiteTitle "III"]
[BlackTitle "III"]
[WhiteElo "1016"]
[BlackElo "1196"]

1. d4 d5 2. c4 c6 3. Nc3 Nf6 4. Bg5 Bf5 5. Nf3 e6 6. e3 Be7 7. Be2 Nbd7 8. O-O
O-O 9. Rc1 Rc8 10. Qb3 b6 11. Rfd1 Bd6 12. h3 Bb8 13. Na4 dxc4 14. Qa3 h6 15.
Bh4 Qc7 16. Bg3 Qb7 17. Bxb8 Qxb8 18. Nc3 b5 19. Qb4 Qc7 20. Nb1 a5 21. Qd2 Ne4
22. Qe1 Ndf6 23. a4 Nd5 24. Na3 Rb8 25. Nh4 Bh7 26. Nf3 Nb4 27. Nd2 Nf6 28. Ndb1
Na2 29. Nc3 Nxc1 30. Rxc1 b4 31. Bxc4 bxc3 32. Qxc3 Ne4 33. Qe1 Rxb2 34. d5 exd5
35. Bxd5 Qe7 36. Nc4 Ra2 37. Bxc6 Nxf2 38. Qxa5 Qd8 39. Qb5 Qb8 40. Qd5 Nxh3+
41. Kf1 Rf2+ 42. Ke1 Qb4+ 43. Kd1 Qb3+ 44. Ke1 Qa2 45. Qd1 Rf1+ 46. Kxf1 Qf2#
0-1

[Event "Mistrzostwa Polski Mlodzikow do lat 10 - Chlopcy"]
[Site "Karpacz"]
[Date "1899-12-30"]
[Round "2.33"]
[White "Sowinski, Pawel"]
[Black "Stanik, Szymon"]
[Result "1-0"]
[WhiteTitle "III"]
[BlackTitle "II"]
[WhiteElo "1192"]
[BlackElo "1053"]

1. Nf3 c5 2. c4 Nc6 3. e3 Nf6 4. Nc3 e6 5. d4 d5 6. Be2 Be7 7. O-O O-O 8. Re1 Qd7
9. Qd2 Rd8 10. Rd1 b6 11. b3 Bb7 12. Bb2 Ne4 13. Nxe4 dxe4 14. Ne1 Ne5 15. d5
Ng6 16. Qc2 exd5 17. cxd5 Qf5 18. f3 Bxd5 19. g4 Qe6 20. f4 f5 21. Rxd5 Rxd5 22.
Bc4 fxg4 23. Rd1 Rad8 24. Bxd5 Rxd5 25. Qc4 Rxd1 26. Qxe6+ Kf8 27. Bc3 Rd3 1-0

[Event "Mistrzostwa Polski Mlodzikow do lat 10 - Chlopcy"]
[Site "Karpacz"]
[Date "1899-12-30"]
[Round "3.1"]
[White "Malinowski, Szymon"]
[Black "Fiszer, Bartosz"]
[Result "0-1"]
[WhiteTitle "II+"]
[BlackTitle "CM"]
[WhiteElo "1360"]
[BlackElo "1651"]

1. d4 Nf6 2. c4 g6 3. Nf3 Bg7 4. Nc3 O-O 5. Bg5 c5 6. d5 Qa5 7. Qd2 d6 8. h3 a6
9. a4 b5 10. Bxf6 Bxf6 11. e4 b4 12. Nd1 Nd7 13. Bd3 Nb6 14. Ra2 e6 15. O-O Nd7
16. b3 Qd8 17. Nh2 exd5 18. exd5 Ne5 19. Ne3 Nxd3 20. Qxd3 Re8 21. Nhg4 Bg7 22.
Kh1 f5 23. Nh2 f4 24. Nd1 Bf5 25. Qd2 Bh6 26. f3 g5 27. Nf2 Bg7 28. Nhg4 h5 29.
Nh2 Qf6 30. h4 Re7 31. hxg5 Qxg5 32. Nd3 Bxd3 33. Qxd3 Re3 34. Qd1 Rae8 35. Rc2
Bc3 36. Rcf2 Be1 37. Rb2 Bg3 38. Qb1 Re1 39. Qd3 R8e3 40. Qc2 Rxf1+ 41. Nxf1 Re1
42. Kg1 Qe7 43. Qg6+ Kf8 44. Rb1 Bf2+ 45. Kxf2 Qe2+ 46. Kg1 Qxf1+ 47. Kh2 Qh1#
0-1

[Event "Mistrzostwa Polski Mlodzikow do lat 10 - Chlopcy"]
[Site "Karpacz"]
[Date "1899-12-30"]
[Round "3.2"]
[White "Meers, Hubert"]
[Black "Demski, Michal"]
[Result "0-1"]
[WhiteTitle "I"]
[BlackTitle "II"]
[WhiteElo "1555"]
[BlackElo "1305"]

1. e4 e5 2. Nf3 Nc6 3. Bb5 a6 4. Ba4 Nf6 5. d3 b5 6. Bb3 Be7 7. O-O O-O 8. Nbd2
d6 9. a4 Bb7 10. Re1 Nb8 11. c3 c5 12. Nf1 Nbd7 13. Ng3 Rc8 14. d4 Re8 15. h3
g6 16. Nh2 Bf8 17. d5 Bg7 18. f4 Qb6 19. a5 Qc7 20. f5 c4 21. Bc2 Nc5 22. Ng4
Nxg4 23. Qxg4 Nd7 24. fxg6 hxg6 25. Rf1 Nf6 26. Qh4 Nh7 27. Bh6 Qe7 28. Qxe7 Rxe7
29. Be3 Bf6 30. Bd1 Rce8 31. Be2 Bh4 32. Nh1 Bc8 33. g3 Bg5 34. Rf3 Bxh3 35. Nf2
Bxe3 36. Rxe3 Bc8 37. g4 f5 38. gxf5 gxf5 39. exf5 Bxf5 40. Ne4 Bxe4 41. Rxe4
Rg7+ 42. Rg4 Rxg4+ 43. Bxg4 Ng5 44. Kf2 Rf8+ 45. Ke3 Rf4 46. Rg1 Kf7 47. Bc8 Kf6
48. Bxa6 Re4+ 49. Kf2 Nh3+ 50. Kf3 Rf4+ 51. Kg2 Nxg1 52. Kxg1 e4 53. Bc8 e3 54.
Bg4 Rxg4+ 55. Kf1 Rg8 56. Ke2 Ra8 57. Kxe3 Rxa5 58. Kd2 Ke5 59. Kc2 Kxd5 60. Kd2
Ra2 61. Kc1 Ra1+ 62. Kc2 Ke4 63. Kd2 Ra2 64. Kc1 Kd3 65. Kb1 Ra8 66. b4 Kxc3 0-1

[Event "Mistrzostwa Polski Mlodzikow do lat 10 - Chlopcy"]
[Site "Karpacz"]
[Date "1899-12-30"]
[Round "3.3"]
[White "Karwacki, Piotr"]
[Black "Grzadka, Artur"]
[Result "1-0"]
[WhiteTitle "II+"]
[BlackTitle "II"]
[WhiteElo "1536"]
[BlackElo "1233"]

1. e4 c6 2. d4 d5 3. Nc3 dxe4 4. Nxe4 Bf5 5. Ng3 Bg6 6. Nh3 Nd7 7. Nf4 e6 8. h4
h6 9. Nxg6 fxg6 10. Qg4 Qf6 11. Bd3 Ne7 12. Ne4 Qxd4 13. Qxe6 Qe5 14. Qd6 O-O-O
15. Bf4 Qa5+ 16. b4 Qb6 17. Qe6 Qxb4+ 18. c3 Qa4 19. Nd6+ Kb8 20. Qb3 Qxb3 21.
Nf7+ Kc8 22. axb3 Nd5 23. Be3 Nxe3 24. fxe3 Re8 25. Nxh8 Bc5 26. Nxg6 Bxe3 27.
Kd1 Kc7 28. Re1 Nc5 29. Kc2 Nxd3 30. Kxd3 Re6 31. h5 Rd6+ 32. Kxe3 Re6+ 33. Kd2
Rd6+ 34. Kc2 Rf6 35. Re7+ Kb6 36. Rae1 Rf5 37. g4 Ra5 38. Rxg7 Ra2+ 39. Kb1 Rg2
40. Ree7 Rg1+ 41. Kb2 Rg2+ 42. Ka3 Kc5 43. Nf4 Rg1 44. b4+ Kb5 45. Re5+ Kc4 46.
Rc5# 1-0

[Event "Mistrzostwa Polski Mlodzikow do lat 10 - Chlopcy"]
[Site "Karpacz"]
[Date "1899-12-30"]
[Round "3.4"]
[White "Doskocz, Karol"]
[Black "Klimkowski, Jan"]
[Result "0-1"]
[WhiteTitle "II"]
[BlackTitle "II"]
[WhiteElo "1311"]
[BlackElo "1492"]

1. c4 c5 2. Nc3 Nc6 3. Nf3 g6 4. g3 Bg7 5. Bg2 e5 6. d3 Nge7 7. O-O O-O 8. a3 d6
9. Bd2 h6 10. h4 Be6 11. Rb1 a5 12. Nb5 d5 13. cxd5 Bxd5 14. Nc3 Be6 15. Be3 Nd4
16. Bxd4 cxd4 17. Ne4 f5 18. Nc5 Bd5 19. b4 Qd6 20. Qd2 a4 21. Qc2 Rfc8 22. Qd1
Ra7 23. Nxa4 Rca8 24. Nb2 b5 25. a4 bxa4 26. Nc4 Bxc4 27. dxc4 e4 28. Ne1 Qe6
29. c5 Nd5 30. Qd2 Nc3 31. Rc1 Qc4 32. Nd3 exd3 33. exd3 Qxb4 34. Bxa8 Rxa8 35.
c6 Qd6 36. Rfe1 Qxc6 37. Qa2+ Kh7 38. Qf7 Ne2+ 39. Kh2 Qxc1 40. Rxc1 Nxc1 41.
Qb7 Ra5 42. Qb4 Nb3 43. Qa3 Ra8 44. Kg2 Bf8 45. Qa2 Ra7 46. Kf1 a3 47. Ke1 Nc1
48. Qa1 a2 49. h5 Nb3 50. hxg6+ Kg7 0-1

[Event "Mistrzostwa Polski Mlodzikow do lat 10 - Chlopcy"]
[Site "Karpacz"]
[Date "1899-12-30"]
[Round "3.5"]
[White "Dziewonski, Dariusz"]
[Black "Kozera, Dawid"]
[Result "1-0"]
[WhiteTitle "II+"]
[BlackTitle "II"]
[WhiteElo "1476"]
[BlackElo "1221"]

1. e4 c5 2. Nf3 d6 3. d4 cxd4 4. Nxd4 Nf6 5. Nc3 g6 6. Be3 Bg7 7. f3 O-O 8. Qd2
Nc6 9. O-O-O d5 10. Kb1 e6 11. h4 h5 12. Bh6 Qb6 13. Bxg7 Kxg7 14. exd5 Nxd5 15.
Nxd5 exd5 16. Qc3 Kg8 17. Nb3 Be6 18. Qc5 Rac8 19. Qxb6 axb6 20. Nd4 Nxd4 21.
Rxd4 Rfd8 22. Bb5 Bf5 23. Ba4 Rc5 24. Kc1 Rdc8 25. c3 Rc4 26. Rhd1 Be6 27. Bb3
Rxd4 28. Rxd4 Rd8 29. Kd2 Kg7 30. c4 Kf6 31. cxd5 Ke7 32. Ke3 Bd7 33. Kf4 f5 34.
d6+ Kf6 35. Bd5 Bc6 36. Bxc6 bxc6 37. d7 Ke6 38. Kg5 Rxd7 39. Rxd7 Kxd7 40. Kxg6
Ke6 41. Kxh5 Kf6 42. g4 c5 43. g5+ Kg7 44. a4 c4 45. f4 Kh7 46. g6+ Kg7 47. Kg5
c3 48. bxc3 b5 49. axb5 Kh8 50. b6 Kg8 51. b7 Kg7 52. b8=B Kf8 53. c4 Kg7 54.
c5 Kf8 55. c6 Ke8 56. h5 Kd8 57. g7 Ke7 58. g8=B Kf8 59. c7 Ke7 60. h6 1-0